LEADER 00902nam a2200241 i 4500 001 000000046115 003 CaOOAMICUS 005 20040922000000.0 008 040922s1978 it u000 u ita u 013 $a17285 040 $aSeMil$bita 100 1 $aPirzio-Biroli, Detalmo <1916->.$0(OLS)http://semarc/name/22916 245 10$aAfrica nera /$cDetalmo Pirzio-Biroli. 260 $aRoma ; Bari :$bLaterza,$c1978. 300 $a389 p., [16] p. di tav. ;$c21 cm. 490 0 $aStoria e società 650 4$aAfrica.$0(OLS)http://semarc/subject/8985 830 0$aStoria e società.$0(OLS)http://semarc/title/2818 850 $aSeMil 852 $aSeMil$W1$xVenegono$y1$m3XB II 4$j12270$B12270$CSeMilBibl$Z2$F12270 $81 961 $aOmaggio: Agenzia internazionale 996 $6245$aAfrica nera$9(OLS)http://semarc/title/68819 996 $6260$aRoma ; Bari :$bLaterza$9(OLS)http://semarc/publisher/30305 LEADER 00645nab a2200133 i 4500 001 000000328876 003 CaOOAMICUS 005 20180831173609.0 008 180831n it uu u0 0ita r 013 $a40508 040 $aSeMil$bita 245 10$a«Alzati, va' e non temere!». - Domenica 17 settembre in Diocesi si celebra la Giornata per il Seminario... - In [rubrica] :$bGiornata per il Seminario. 773 0 $tDelpini nuovo Arcivescovo.$gp.10-11$w()291304 996 $6245$a«Alzati, va' e non temere!». - Domenica 17 settembre in Diocesi si celebra la Giornata per il Seminario... - In [rubrica] :$bGiornata per il Seminario.$9(OLS)http://semarc/title/417407